Mots commençant et finissant par la même lettre - A-Z - Statistiques

Statistiques générales
  • Ce quiz a été pris 14 650 fois
  • Le résultat moyen est 8 sur 26
Statistiques - réponses
Lettre Indice Réponse % Correct
A Beignet de morue Accra
88%
J Pour cette lettre, les seuls mots possibles étaient de l'espéranto, du slovène ou un village guatémaltèque. Je vous ai épargné ça ! Tapez la lettre, ça suffira. J
73%
N Adverbe du désaccord Non
72%
P Style musical du XXème siècle Pop
63%
F Terre du seigneur Fief
61%
Z Bonne nuit ! Zzz
57%
D Roi mythique statufié par Michel Ange David
45%
Y Chanson des Beatles qui ne date pas d'hier Yesterday
44%
E Contrairement à certains sorciers, je n'en ai pas chez moi pour prendre en charge les tâches domestiques, c'est bien dommage Elfe
39%
L Prénom d'un démissionnaire de la politique en avril 2002 Lionel
34%
S Légume filandreux et heureusement passé de mode Salsifis
32%
O Héros de Shakespeare Othello
28%
T Entre le petit ruisseau et la grande rivière, en montagne Torrent
28%
H Prénom de la philosophe de la "banalité du mal" Hannah
26%
B Ennemi du Petit Prince Baobab
25%
G Celui des Lyonnais a eu son heure de "gloire" Gang
24%
Q Nouveau nom de Thulé (Groenland), 7 lettres, uniquement Q, A, N Qaanaaq
23%
X Entreprise américaine qui a engendré de nombreuses (photo)copies Xerox
16%
M Intermédiaire entre des mondes parallèles Medium
14%
U Rapace charognard (sorte de vautour) très présent en Guyane (entre autres) Urubu
13%
R Pièce qui tourne, qui tourne Rotor
12%
W Ville polonaise de Basse-Silésie Wroclaw
10%
I Fleuve sibérien Ienissei
8%
V Prénom d'un célèbre dramaturge et dirigeant tchèque Vaclav
8%
C Cavalier d'Hannibal ? Cornac
3%
K Dans mon oreiller (et sûrement le vôtre aussi) Kapok
3%
Aucun quiz correspondant
Distribution des résultats
% des personnes avec chaque résultat
Percentile par nombre de réponses
Votre historique - résultats
Vous n’avez pas pris ce quiz